Modification of the surface properties of highly dispersed AlB12 by a high-power carbon ion beam; Inorganic Materials: Applied Research; Vol. 6, iss. 3
| Parent link: | Inorganic Materials: Applied Research: Scientific Journal.— , 2010- Vol. 6, iss. 3.— 2015.— [P. 193-198] |
|---|---|
| Main Author: | |
| Corporate Author: | |
| Other Authors: | |
| Summary: | Title screen Modifications in the morphology, elemental composition, and microstructure of aluminum dodecaboride (AlB12) surface layers exposed to a high-power ion beam are studied using scanning electron microscopy, X-ray microanalysis, and optical metallography. It is demonstrated that the topography of the ion-modified aluminum dodecaboride surface is determined by the dose and power density of the carbon ion beam. It is established that the effect of the high-power pulsed carbon ion beam on the AlB12-based material fabricated by self-propagating high-temperature synthesis leads to the formation of boron carbide on the surface of the latter. Режим доступа: по договору с организацией-держателем ресурса |
| Language: | English |
| Published: |
2015
|
| Subjects: | |
| Online Access: | http://dx.doi.org/10.1134/S2075113315030090 |
| Format: | Electronic Book Chapter |
| KOHA link: | https://koha.lib.tpu.ru/cgi-bin/koha/opac-detail.pl?biblionumber=643955 |
MARC
| LEADER | 00000nla0a2200000 4500 | ||
|---|---|---|---|
| 001 | 643955 | ||
| 005 | 20250303131116.0 | ||
| 035 | |a (RuTPU)RU\TPU\network\8970 | ||
| 035 | |a RU\TPU\network\8838 | ||
| 090 | |a 643955 | ||
| 100 | |a 20151019d2015 k||y0rusy50 ba | ||
| 101 | 0 | |a eng | |
| 102 | |a US | ||
| 135 | |a drcn ---uucaa | ||
| 181 | 0 | |a i | |
| 182 | 0 | |a b | |
| 200 | 1 | |a Modification of the surface properties of highly dispersed AlB12 by a high-power carbon ion beam |f G. V. Potemkin, O. K. Lepakova | |
| 203 | |a Text |c electronic | ||
| 300 | |a Title screen | ||
| 320 | |a [References: p. 198 (18 tit.)] | ||
| 330 | |a Modifications in the morphology, elemental composition, and microstructure of aluminum dodecaboride (AlB12) surface layers exposed to a high-power ion beam are studied using scanning electron microscopy, X-ray microanalysis, and optical metallography. It is demonstrated that the topography of the ion-modified aluminum dodecaboride surface is determined by the dose and power density of the carbon ion beam. It is established that the effect of the high-power pulsed carbon ion beam on the AlB12-based material fabricated by self-propagating high-temperature synthesis leads to the formation of boron carbide on the surface of the latter. | ||
| 333 | |a Режим доступа: по договору с организацией-держателем ресурса | ||
| 461 | |t Inorganic Materials: Applied Research |o Scientific Journal |d 2010- | ||
| 463 | |t Vol. 6, iss. 3 |v [P. 193-198] |d 2015 | ||
| 610 | 1 | |a электронный ресурс | |
| 610 | 1 | |a труды учёных ТПУ | |
| 700 | 1 | |a Potemkin |b G. V. |c physicist |c Senior researcher of Tomsk Polytechnic University, Candidate of physical and mathematical sciences |f 1942- |g Gely Valerjyanovich |3 (RuTPU)RU\TPU\pers\35371 | |
| 701 | 1 | |a Lepakova |b O. K. |g Olga Klavdeevna | |
| 712 | 0 | 2 | |a Национальный исследовательский Томский политехнический университет (ТПУ) |b Институт физики высоких технологий (ИФВТ) |b Лаборатория № 1 |3 (RuTPU)RU\TPU\col\19035 |
| 801 | 2 | |a RU |b 63413507 |c 20151019 |g RCR | |
| 856 | 4 | |u http://dx.doi.org/10.1134/S2075113315030090 | |
| 942 | |c CF | ||